| 000 | 01586cab a2200205 4500 | ||
|---|---|---|---|
| 001 | L130218 | ||
| 008 | 050704n2005 000 0 eng u | ||
| 035 | _a(Sirsi) u130218 | ||
| 041 | _aeng | ||
| 100 | _aGordon, Warren | ||
| 245 | _aCase news: Persimmon Homes (Thames Valley) and others v Stevenage Borough Council | ||
| 260 | _c2005 | ||
| 490 |
_aProperty Week _v70(25) 24 June 2005, 83(1) |
||
| 520 | _aReports on "Persimmon Homes (Thames Valley) and others v Stevenage Borough Council" (2005 EWHC 957 Admin), which examines the meaning of conformity in relation to structure and local plans. The claimant house developer brought a charge against the defendant local authority that it had erred in law in adopting a local plan that was not in general conformity with the structure plan. The structure plan had a provision for the construction of a 1 000 homes but this provision was modified in the local plan to safeguard the land from development unless it could be strategically justified. The court upheld that the local plan was in general conformity with structure plan policy even where it contained a qualification as to the justification or timing of development referred to in the structure plan. | ||
| 590 | _aIKA040705 | ||
| 650 | _aPERSIMMON HOMES (THAMES VALLEY) AND OTHERS V STEVENAGE BOROUGH COUNCIL | ||
| 690 | _aENVIRONMENTAL AND LAND CONSULTANCY-PLANNING AND DEVELOPMENT-PLANNING GUIDANCE-LOCAL DEVELOPMENT PLANS | ||
| 856 |
_uhttps://www.bailii.org/ew/cases/EWHC/Admin/2005/957.html _zView the decision free of charge at www.bailii.org... |
||
| 942 | _n0 | ||
| 999 |
_c75500 _d75500 |
||